000
00219 a2200097 4500
001
45598
100
_a
Herrlot, J
245
_a
Jane's herroit
260
_a
London
_b
Reader,s digest assocation
_c
090
_c
28762
_d
28762
942
_a
NUST-CAE
_c
M
_c
20849
999
_c
280671
_d
280671